| 000 | 00823cab a2200241 4500 | ||
|---|---|---|---|
| 001 | WB3504-09 | ||
| 008 | 090401t1999 xxu||||| |||| 00| 0 eng d | ||
| 035 | _a(Sirsi) u90919 | ||
| 041 | _aeng | ||
| 245 | _aPerformance of big property firms is attacked | ||
| 260 | _c1999 | ||
| 350 | _a0 | ||
| 490 |
_aTimes _v18 January 1999, 44 |
||
| 490 |
_aProperty Week _v64(3) 22 January 1999, 14(2) |
||
| 520 | _aSmaller property companies are performing better on the stock exchange than their larger counterparts. The big property companies have been a bad investment for the past decade. | ||
| 650 | _aPROPERTY COMPANIES | ||
| 650 | _aRETURNS | ||
| 650 | _aSHAREHOLDERS | ||
| 650 | _aSHARES | ||
| 690 | _aPROPERTY-COMMERCIAL PROPERTY-COMMERCIAL PROPERTY FINANCE AND INVESTMENT | ||
| 942 | _n0 | ||
| 948 | _c26/01/1999 | ||
| 999 |
_c57680 _d57680 |
||